| 000 -LEADER | |
|---|---|
| fixed length control field | 00453nam a22001697a 4500 |
| 005 - DATE AND TIME OF LATEST TRANSACTION | |
| control field | 20231106152316.0 |
| 008 - FIXED-LENGTH DATA ELEMENTS--GENERAL INFORMATION | |
| fixed length control field | 231106b |||||||| |||| 00| 0 eng d |
| 020 ## - INTERNATIONAL STANDARD BOOK NUMBER | |
| ISBN | 978-93-5359-276-9 |
| 041 ## - LANGUAGE CODE | |
| Language code of text/sound track or separate title | eng |
| 082 ## - DEWEY DECIMAL CLASSIFICATION NUMBER | |
| Classification number | 631.4 |
| 100 ## - MAIN ENTRY--AUTHOR NAME | |
| Personal name | DAS, DILIP KUMAR |
| 245 ## - TITLE STATEMENT | |
| Title | As per ICAR New syllabus PROBLEMATIC SOILS AND THEIR MANAGEMENT |
| 260 ## - PUBLICATION, DISTRIBUTION, ETC. (IMPRINT) | |
| Place of publication | LUDHIYANA |
| Name of publisher | KALYANI PUBLISHERS |
| Year of publication | 2019 |
| 300 ## - PHYSICAL DESCRIPTION | |
| Number of Pages | 430;p |
| 650 ## - SUBJECT ADDED ENTRY--TOPICAL TERM | |
| Topical Term | AGRICULTURE |
| 942 ## - ADDED ENTRY ELEMENTS (KOHA) | |
| Koha item type | Books |
| Lost status | Damaged status | Collection code | Home library | Current library | Shelving location | Date acquired | Source of acquisition | Cost, normal purchase price | Full call number | Accession Number | Koha item type |
|---|---|---|---|---|---|---|---|---|---|---|---|
| Reference | JRU Library | JRU Library | SHELF-2-C | 06/11/2023 | PURCHASE [LBI000221/29/10/2023 | 350.00 | 631.4 | 28115 | Books | ||
| AGRICULTURE | JRU Library | JRU Library | SHELF-45-H | 06/11/2023 | PURCHASE [LBI000221/29/10/2023 | 350.00 | 631.4 | 28116 | Books | ||
| AGRICULTURE | JRU Library | JRU Library | SHELF-45-H | 06/11/2023 | PURCHASE [LBI000221/29/10/2023 | 350.00 | 631.4 | 28117 | Books |